| 000 | 00838nam a2200205 a 4500 | ||
|---|---|---|---|
| 001 | 1155012 | ||
| 008 | 150907s1995 ||||||||||||||||| || u | ||
| 010 | _a95201315 | ||
| 020 | _a0821333348 | ||
| 050 | _aIBRD(06)AS/1995/1 | ||
| 100 | _aPreston, Lewis T | ||
| 245 | 1 | 4 | _aThe momentum for change : Lewis T. Preston at the World Bank, 1991-95 : addresses and statements. |
| 260 |
_aWashington, D.C. _bWorld Bank _c1995 |
||
| 300 | _ax, 105 p. ; 23 cm. | ||
| 490 | _aAddresses and statements | ||
| 500 | _aPublished to honor the former president of the World Bank after his death in May 1995. | ||
| 650 | _aWORLD BANK--PRESIDENTS--ADDRESSES, ESSAYS, LECTURES | ||
| 710 | _aWorld Bank | ||
| 995 |
_FCBU-MAIN LIBRARY (Kitwe) _M1 _UAVAILABLE _WSep 7, 2015 _ZInternational Publications |
||
| 999 |
_c51569 _d51569 |
||